Widok standardowy
Widok MARC
Pozycja Corporate Name
Liczba rekordów, w których użyto hasła: 1
001 - Numer kontrolny
- control field: 38045
003 - Identyfikator numeru kontrolnego
- control field: NUKAT
005 - Data i czas ostatniej modyfikacji
- control field: 20260313130950.0
008 - Dane kontrolne kodowane (40 znaków)
- fixed length control field: 260313n||a|znnaabn |a ana |c
010 ## - Numer kontrolny Biblioteki Kongresu
- numer kontrolny LC: n 2026047975
040 ## - Instytucja sporządzająca rekord
- inst. przygot. dane do rek. khw: OLSZT 008/bak
- język haseł przedmiotowych/tezaurus: kaba
- inst. wprow. rek. khw: OLSZT 008/bak
043 ## - Kod obszaru geograficznego
- ISO code: PL
110 2# - Hasło - nazwa ciała zbiorowego
- nazwa ciała zbior. lub geogr. na pocz.: Oficyna Wydawnicza "Kastalia".
368 ## - Other Attributes
- Corp type: Wydawnictwa (instytucje)
370 ## - Associated place
- Country: Polska
370 ## - Associated place
- Residence/HQ: Olsztyn (woj. warmińsko-mazurskie)
372 ## - Field of activity
- Field: Edytorstwo
377 ## - Assoc lang
- Lang code: pol
410 0# - Trop zob. - nazwa ciała zbiorowego
- nazwa ciała zbior. lub geogr. na pocz.: "Kastalia", Oficyna Wydawnicza.
670 ## - Źródło informacji
- źródło informacji: Media i edukacja w globalizującym się świecie : teoria, praktyka, oddziaływanie / red. nauk. Marek Sokołowski. - Olsztyn, 2003.
- gdzie znaleziono informację: Wyd., s. red.: (Oficyna Wydawnicza "Kastalia")
670 ## - Źródło informacji
- źródło informacji: BNPol online